000 00624nam a2200169 a 4500
008 130409s1975 ||||||||||||||||| || u
020 _a0806113383
050 _aHG 231 GRO
100 _aGroseclose, Elgin
245 1 0 _aMoney and man: a survey of monetory experience. -4th ed.
_cby Elgin Groseclose
250 _a4th ed.
260 _aOklahoma
_bOklahoma University press
_c1975
300 _axix, 306p.
650 _aCURRENCY QUESTION
650 _aMONEY--HISTORY
995 _FCBU-MAIN LIBRARY (Kitwe)
_M1
_UAVAILABLE
_WApr 9, 2013
_ZMain Library Open Access Collection
999 _c51600
_d51600